000 00561nam a2200229 a 4500
001 14210
003 BD-JhCC
005 20250213082852.0
008 250209b2017 ii a|||| ||a| 000 0 eng d
020 _a 9781398518179
035 _a(BD-JhCC)14210
040 _aBD-JhCC
_dBD-JhCC
041 _aenglish
082 _a823.1
_bHOO 2022
100 _a Hoover,Colleen
245 _aIt starts with us /
_cColleen Hoover.
260 _aIndia:
_bSimon;
_c2022.
300 _a240 p .
_c21 cm.
650 _a English literature
942 _2ddc
_cBK
999 _c14210
_d14210